logo

Bir Sreshtho Munshi Abdur Rouf Library
Jhenaidah Cadet College

Martial Law to Martial Law : Leadership Crisis in Bangladesh / (Record no. 7550)

MARC details
000 -LEADER
fixed length control field 00572nam a2200205 a 4500
001 - CONTROL NUMBER
JCCL Control Number 7550
003 - CONTROL NUMBER IDENTIFIER
JCCL marc code BD-JhCC
005 - DATE AND TIME OF LATEST TRANSACTION
control field 20180211170139.0
008 - FIXED-LENGTH DATA ELEMENTS--GENERAL INFORMATION
fixed length control field 180211s1984 bg |||| |||| 000 0 eng d
035 ## - SYSTEM CONTROL NUMBER
system control number (BD-JhCC)
040 ## - CATALOGING SOURCE
Original cataloging agency BD-JhCC
Modifying agency BD-JhCC
041 ## - LANGUAGE CODE
Language code of Book eng
082 ## - DEWEY DECIMAL CLASSIFICATION NUMBER
Classification number 954.9205
Author mark and Year KHA 1984
100 ## - MAIN ENTRY--PERSONAL NAME
Personal name Khan, Zillur R.
245 ## - TITLE STATEMENT
Title Martial Law to Martial Law : Leadership Crisis in Bangladesh /
Statement of responsibility, etc Zillur R. Khan
260 ## - PUBLICATION, DISTRIBUTION, ETC. (IMPRINT)
Place of publication, distribution, etc Dhaka:
Name of publisher, distributor, etc University Press Ltd,
Date of publication, distribution, etc 1984
300 ## - PHYSICAL DESCRIPTION
Pagination 255 p;,
Dimensions 22 cm
650 ## - SUBJECT ADDED ENTRY--TOPICAL TERM
Topical term or geographic name as entry element Politics and Government
Geographic subdivision Bangladesh
942 ## - ADDED ENTRY ELEMENTS (KOHA)
Source of classification or shelving scheme Dewey Decimal Classification
Koha item type Books
Holdings
Source of classification or shelving scheme Damaged status Not for loan Home library Current library Shelving location Date of accession Total Checkouts Full call number Barcode Date last seen Copy number Koha item type
Dewey Decimal Classification     JCC Rouf Library JCC Rouf Library General Stacks 02/11/2018   954.9205 KHA 1984 9895 02/11/2018 C-1 Books

JCC Library | Contacts | JCC Home

Last Update on 23 September 2017
Copyright @ 2017-2020 JCC Rouf Library
Rouf Library, Jhenidah Cadet College (JCC), Bangladesh